00854na a2200277 450000100060000000300080000600500170001400800410003103500100007204000250008204100080010709000110011511000410012624500640016726000330023130000180026465000280028265000370031065000320034770000060037971000410038583000200042694200130044695201020045999900150056122201MIRAKIL20181213155254.0170212b tu 000 0  a22201 aMilasbturcTR-AnCHP atur aSHP 35 aSosyaldemokrat Halkçı Parti (SHP) aBelediye yönetimi el kitabıcİdare ve İcra Komisyonu aAnkarab[yay.y.]cNisan 1989 a68 s.c20 sm. aBelediyelerxSHPyTarih aSHPxBelediyeleryTemel bilgiler aSiyasal partilerzTürkiye a  aSosyaldemokrat Halkçı Parti (SHP) aSHP Yayınları 2ddccBKS 51a0001b0001d2017-02-12e2f SHPl0oSHP 35p014157r2017-02-12 00:00:00v0.00w2017-02-12yBKS c9690d9690